Central Library OPAC University of Rajshahi

Teach yourself book-keeping : (Record no. 19390)

MARC details
000 -LEADER
fixed length control field 00838nam a22002413a 4500
001 - CONTROL NUMBER
control field 19390
003 - CONTROL NUMBER IDENTIFIER
rucl marc code BD-RjUL
005 - DATE AND TIME OF LATEST TRANSACTION
control field 20211209000427.0
008 - FIXED-LENGTH DATA ELEMENTS--GENERAL INFORMATION
fixed length control field 160718s1954 enk 000 0 und d
035 ## - SYSTEM CONTROL NUMBER
System control number OCLC pks03297775 from D960219K
-- (BD-RjUL)19450
040 ## - CATALOGING SOURCE
Original cataloging agency EQO
Transcribing agency EQO
Language of cataloging eng
Modifying agency BD-RjUL
041 ## - LANGUAGE CODE
Language code of text/sound track or separate title eng
082 04 - DEWEY DECIMAL CLASSIFICATION NUMBER
Classification number 657.2
Author mark and year COT 1954
100 1# - MAIN ENTRY--PERSONAL NAME
Personal name Cousins, Donald.
9 (RLIN) 59612
245 10 - TITLE STATEMENT
Title Teach yourself book-keeping :
Remainder of title an introduction to book-keeping and business methods /
Statement of responsibility, etc. Donald Cousins.
260 ## - PUBLICATION, DISTRIBUTION, ETC. (IMPRINT)
Place of publication, distribution, etc. London :
Name of publisher, distributor, etc. English universities Press,
Date of publication, distribution, etc. 1954.
300 ## - PHYSICAL DESCRIPTION
Pagination viii, 9-266 p. :
Illustrations ill. ;
Size 19 cm.
490 1# - SERIES STATEMENT
Series statement E.U.P. teach yourself books
500 ## - GENERAL NOTE
General note Orig. publ. as Elements of book-keeping and business methods
650 07 - SUBJECT ADDED ENTRY--TOPICAL TERM
Source of heading or term SLSH
Topical term or geographic name as entry element Bookkeeping.
9 (RLIN) 22559
830 #0 - SERIES ADDED ENTRY--UNIFORM TITLE
Uniform title E.U.P. teach yourself books
942 ## - ADDED ENTRY ELEMENTS (KOHA)
Source of classification or shelving scheme Dewey Decimal Classification
Koha item type Books
Holdings
Lost status Source of classification or shelving scheme Damaged status Not for loan Permanent Location Current Location Shelving location Date acquired Source of acquisition Cost, normal purchase price Total Checkouts Full call number Date last seen Copy number Koha item type
  Dewey Decimal Classification   Not For Loan Central Library, University of Rajshahi Central Library, University of Rajshahi Reading Room 27/07/1957 Publishers Ltd. 4.14   657.2 COT 1954 24/02/2014 C-1 Books